Issues and perspectives in the securitisation process:perceptions from India and Europe (Record no. 443201)

000 -LEADER
fixed length control field 00672cam a22001817a 4500
008 - FIXED-LENGTH DATA ELEMENTS--GENERAL INFORMATION
fixed length control field 180718b2012 xxu||||| |||| 00| 0 eng d
020 ## - INTERNATIONAL STANDARD BOOK NUMBER
International Standard Book Number 9789381904091
082 ## - DEWEY DECIMAL CLASSIFICATION NUMBER
Classification number N1 C349i
245 ## - TITLE STATEMENT
Title Issues and perspectives in the securitisation process:perceptions from India and Europe
Statement of responsibility, etc. edited by Shantanu Chakrabarti
260 ## - PUBLICATION, DISTRIBUTION, ETC.
Place of publication, distribution, etc. New Delhi
Name of publisher, distributor, etc. KW
Date of publication, distribution, etc. 2012
300 ## - PHYSICAL DESCRIPTION
Extent 107p.
650 ## - SUBJECT ADDED ENTRY--TOPICAL TERM
Topical term or geographic name entry element Human security -- India -- Congresses
650 ## - SUBJECT ADDED ENTRY--TOPICAL TERM
Topical term or geographic name entry element Human security -- South Asia -- Congresses
650 ## - SUBJECT ADDED ENTRY--TOPICAL TERM
Topical term or geographic name entry element National security -- Europe -- Congresses
650 ## - SUBJECT ADDED ENTRY--TOPICAL TERM
Topical term or geographic name entry element National security -- India -- Congresses
650 ## - SUBJECT ADDED ENTRY--TOPICAL TERM
Topical term or geographic name entry element National security -- South Asia
700 ## - ADDED ENTRY--PERSONAL NAME
Personal name Chakrabarti, Shantanu
Holdings
Withdrawn status Lost status Damaged status Not for loan Permanent Location Current Location Date acquired Full call number Barcode Date last seen Price effective from Koha item type
        Indian Institute of Public Administration Indian Institute of Public Administration 2013-03-13 N1 C349i 85066 2018-07-21 2018-07-21 Book

Powered by Koha